000 00770nam a2200169Ia 4500
008 090711s9999 xx 000 0 und d
082 _b51512
100 _aआपटे न. गं. (संपा.)
245 _aमहाराष्ट्रग्रामकोश मंडळ (उत्पादनाSाी साधने)
260 _c1972
300 _a120
600 _aआपटे न. गं. (संपा.)
630 _aमहाराष्ट्रग्रामकोश मंडळ (उत्पादनाSाी साधने)
700 _aआपटे न. गं. (संपा.)
730 _aमहाराष्ट्रग्रामकोश मंडळ (उत्पादनाSाी साधने)
942 _cBOOK
999 _c329024
_d329024